An Introduction to Ethics
Guardado en:
| Autor principal: | |
|---|---|
| Formato: | Libro |
| Lenguaje: | Undetermined |
| Publicado: |
Londres, Inglaterra
University Paperbacks
1964
|
| Edición: | 3 |
| Materias: | |
| Etiquetas: |
Agregar Etiqueta
Sin Etiquetas, Sea el primero en etiquetar este registro!
|
MARC
| LEADER | 00000nam a2200000Ia 4500 | ||
|---|---|---|---|
| 008 | 170316s9999 xx 000 0 und d | ||
| 090 | |a 100 L-40a | ||
| 100 | |a Lillie, William | ||
| 245 | 3 | |a An Introduction to Ethics | |
| 250 | |a 3 | ||
| 260 | |a Londres, Inglaterra | ||
| 260 | |b University Paperbacks | ||
| 260 | |c 1964 | ||
| 300 | |a 342 páginas | ||
| 650 | |a FILOSOFÍA | ||
| 650 | |a ÉTICA | ||
| 999 | |c 16839 |d 16839 | ||
| 040 | |a cru BVZT | ||
| 942 | |c 15 D |h 100 L-40a |2 z | ||
